000 00603 a2200181 4500
001 142480
040 _cLeonardo Da Vinci
041 _aPortuguês
082 _av218
100 _aEDUCACIONAL SHOP VIDEO
245 _aEletromagnetismo
250 _av.1-2
260 _bESV
_aSão Paulo
490 _aTV Ontario
520 _aA descoberta das propriedades magnéticas do ímã, levaram à compreensão científica do campo magnético da Terra
697 _aFísica
_aEletromagnetismo
_aCampo magnético
_aTerra
_aMagnetismo
_aElétrons
_aMotor
_aIndução eletromagnética
_aVida no campo
942 _cVM
999 _c142480
_d142480